Loading...
| History - American History | 0 | 6 | 0 | 1 | 60 | 70 | 115.00 | 0 | 1 |
| History - Other History | 0 | 4 | 1 | 3 | 35 | 141 | 150.50 | 0 | 0 |
| Philosophy | 0 | 3 | 1 | 0 | 25 | 95 | 124.00 | 0 | 0 |
| History - European History | 0 | 3 | 3 | 2 | 15 | 113 | 137.33 | 0 | 0 |
| Fine Arts - Painting & Sculpture | 0 | 1 | 0 | 0 | 10 | 153 | 153.00 | 0 | 0 |
| Other Academic | 0 | 1 | 0 | 1 | 10 | 152 | 152.00 | 0 | 0 |
| Religion | 0 | 2 | 2 | 0 | 10 | 95 | 122.50 | 0 | 0 |
| Social Science | 0 | 1 | 0 | 0 | 10 | 112 | 112.00 | 0 | 0 |
| Literature - European Literature | 0 | 1 | 1 | 0 | 5 | 99 | 99.00 | 0 | 0 |
| History - World History | 0 | 1 | 2 | 1 | 0 | 135 | 135.00 | 0 | 0 |
| Science - Other Science | 0 | 0 | 1 | 0 | -5 | 0.00 | 0 | 0 |